|
|
|
|
| LEADER |
00610cam a2200205 a 4500 |
| 001 |
0000093188 |
| 005 |
20110118090000.0 |
| 040 |
|
|
|a mod
|
| 041 |
|
|
|a eng
|
| 020 |
0 |
0 |
|a 0600385914
|
| 090 |
0 |
0 |
|a R 359.0097319
|b MOR
|c f
|
| 100 |
0 |
0 |
|a Morris, James M., 1935.(Matthew)
|
| 245 |
0 |
0 |
|a History of the US Navy
|c by James M. Morris
|
| 260 |
0 |
0 |
|a London
|b Hamlyn
|c 1984
|
| 300 |
0 |
0 |
|a 224 p.
|b ill.:(some col).
|c 31 cm
|
| 610 |
0 |
0 |
|a United States. Navy
|x History
|
| 650 |
0 |
0 |
|a Naval
|
| 651 |
0 |
0 |
|a United States
|x History
|
| 852 |
0 |
0 |
|a 01
|
| 999 |
|
|
|a 1000004948
|b Maktab Pertahanan Angkatan Tentera
|d BOOKS
|e Umum
|f MPAT
|j AVAILABLE
|q GOOD CONDITION
|